[Event "Quadrangular Andbanc"]
[Site "Andorra la Vella"]
[Date "2004.05.29"]
[Round "1"]
[White "Romero Holmes, Alfonso"]
[Black "De la Riva Aguado, Oscar"]
[Result "0-1"]
[WhiteElo "2531"]
[BlackElo "2556"]
[PlyCount "72"]
[EventDate "2004.05.??"]

1. c4 e5 2. g3 Nf6 3. Bg2 c6 4. d4 Bb4+ 5. Bd2 Bxd2+ 6. Qxd2 d6 7. Nc3 O-O 8.
e4 Nbd7 9. Nge2 a6 10. d5 cxd5 11. Nxd5 Nxd5 12. cxd5 Nc5 13. O-O Bd7 14. Nc3
Qa5 15. Rab1 Qb4 16. Rfd1 f5 17. a3 Qb3 18. Bh3 f4 19. Bxd7 Nxd7 20. Rf1 Rac8
21. Qd1 Nc5 22. Qxb3 Nxb3 23. Rbd1 Rc4 24. f3 Nd4 25. Kg2 Nc2 26. Rd3 Rd4 27.
Rxd4 Ne3+ 28. Kf2 exd4 29. Rb1 dxc3 30. bxc3 b5 31. gxf4 Nc4 32. a4 Rxf4 33.
axb5 axb5 34. Rxb5 Ne5 35. Rb6 Rxf3+ 36. Ke2 Rf6 0-1

[Event "Quadrangular Andbanc"]
[Site "Andorra la Vella"]
[Date "2004.05.29"]
[Round "1"]
[White "Oms, Josep"]
[Black "Narciso Dublan, Marc"]
[Result "1-0"]
[WhiteElo "2503"]
[BlackElo "2505"]
[PlyCount "71"]
[EventDate "2004.05.??"]

1. d4 e6 2. c4 b6 3. Nc3 Bb4 4. e3 Nf6 5. Nge2 Ne4 6. Bd2 Nxd2 7. Qxd2 d5 8.
cxd5 exd5 9. a3 Be7 10. Nf4 c6 11. g3 Nd7 12. Bg2 Bb7 13. O-O O-O 14. Rac1 Rc8
15. Rfd1 Re8 16. Nd3 a6 17. e4 dxe4 18. Nxe4 f5 19. Nc3 Bd6 20. Re1 Nf8 21. Qc2
Nd7 22. Qb3+ Kh8 23. Re6 Bf8 24. Rxe8 Qxe8 25. Re1 Qd8 26. Nf4 Qf6 27. Re6 Qxd4
28. Re1 Bc5 29. Nd3 b5 30. Nxc5 Nxc5 31. Qf7 h6 32. Qxf5 Qd6 33. b4 Nb3 34. Qf7
Rf8 35. Qxb3 Qd2 36. Rf1 1-0

[Event "Quadrangular Andbanc"]
[Site "Andorra la Vella"]
[Date "2004.05.29"]
[Round "1"]
[White "Magem, Jordi"]
[Black "Simonet, Marc"]
[Result "1-0"]
[WhiteElo "2504"]
[BlackElo "2297"]
[PlyCount "80"]
[EventDate "2004.05.??"]

1. e4 c5 2. Nf3 Nc6 3. Bb5 Nf6 4. Nc3 Qc7 5. O-O Nd4 6. Re1 a6 7. Bf1 Ng4 8. g3
Nxf3+ 9. Qxf3 Ne5 10. Qg2 e6 11. d3 b6 12. f4 Nc6 13. Nd5 Qd8 14. b3 Bb7 15.
Ne3 g5 16. Bb2 Nd4 17. f5 Bg7 18. c3 Nb5 19. Rac1 O-O 20. Qh3 d5 21. fxe6 dxe4
22. dxe4 fxe6 23. Qxe6+ Kh8 24. Nf5 Bc8 25. Qc4 Bxf5 26. exf5 Nd6 27. Qg4 Nxf5
28. Rcd1 Qf6 29. Bd3 Rad8 30. Bc1 Nh4 31. Rf1 Nf3+ 32. Kh1 Ne5 33. Qe4 Qg6 34.
Rxf8+ Rxf8 35. Qxg6 hxg6 36. Bxg5 Rf2 37. Be4 Rxa2 38. h3 Rb2 39. Rd8+ Kh7 40.
Bd5 Bh6 1-0

[Event "Quadrangular Andbanc"]
[Site "Andorra la Vella"]
[Date "2004.05.29"]
[Round "1"]
[White "Garcia, Raul"]
[Black "Granados, Manuel"]
[Result "0-1"]
[WhiteElo "2244"]
[BlackElo "2396"]
[PlyCount "124"]
[EventDate "2004.05.??"]

1. d4 d5 2. Nf3 Nf6 3. c4 e6 4. Nc3 Be7 5. cxd5 exd5 6. Bg5 h6 7. Bh4 O-O 8.
Qc2 b6 9. e3 c5 10. Be2 Nbd7 11. O-O Bb7 12. Rac1 c4 13. b3 Rc8 14. bxc4 dxc4
15. Nd2 a6 16. Nxc4 b5 17. Qb3 Nd5 18. Bg3 Nxc3 19. Rxc3 Bd5 20. e4 Bxc4 21.
Bxc4 Rxc4 22. Rxc4 bxc4 23. Qxc4 Nb6 24. Qd3 Qc8 25. Qb3 Qc6 26. d5 Qb5 27. d6
Bd8 28. Qxb5 axb5 29. Rb1 Re8 30. f3 f5 31. e5 Kf7 32. Rxb5 Ke6 33. Bf2 Nd5 34.
Bd4 Bg5 35. g3 Be3+ 36. Bxe3 Nxe3 37. f4 g5 38. Rb2 gxf4 39. gxf4 Rg8+ 40. Kh1
Nd5 41. Rf2 h5 42. h3 Rg3 43. Kh2 h4 44. Rd2 Rg7 45. Rf2 Ra7 46. Kg2 Ra4 47.
Kh2 Nxf4 48. Rd2 Nd5 49. d7 Ra8 50. a4 Rd8 51. Rd4 f4 52. a5 Rxd7 53. a6 Kxe5
54. Ra4 Nb6 55. a7 Rd2+ 56. Kg1 Na8 57. Kf1 Rd4 58. Ra2 Rd3 59. Rb2 Ra3 60. Kf2
Nc7 61. Rb7 Nd5 62. Rh7 Ke4 0-1

[Event "Quadrangular Andbanc"]
[Site "Andorra la Vella"]
[Date "2004.05.29"]
[Round "1"]
[White "Gonzalez de la Torre, Santiago"]
[Black "Wagener, Claude"]
[Result "1-0"]
[WhiteElo "2351"]
[BlackElo "2213"]
[PlyCount "83"]
[EventDate "2004.05.??"]

1. d4 Nf6 2. Bg5 e6 3. e4 h6 4. Bxf6 Qxf6 5. c3 c5 6. e5 Qe7 7. Bd3 Nc6 8. Nf3
cxd4 9. O-O dxc3 10. Nxc3 d5 11. Rc1 Bd7 12. a3 Qd8 13. Bb1 Be7 14. Qd3 Qb6 15.
b4 g5 16. b5 Na5 17. a4 Nc4 18. Rce1 Rc8 19. Nd4 Qa5 20. Nxd5 Qd2 21. Qf3 Nxe5
22. Rxe5 Qxd4 23. Nf6+ Kf8 24. Nxd7+ Qxd7 25. Rd1 Qc7 26. Rxe6 Kg7 27. Ree1 Bf6
28. g3 b6 29. Qf5 Qc5 30. Rd5 Qc3 31. Red1 Rc5 32. Kg2 h5 33. Rxc5 Qxc5 34. Rd5
Qc4 35. Rd7 Rh6 36. Bd3 Qb3 37. Bc2 Qc4 38. Be4 h4 39. h3 hxg3 40. Bd5 Qc5 41.
Rxf7+ Kh8 42. Rxf6 1-0

[Event "Quadrangular Andbanc"]
[Site "Andorra la Vella"]
[Date "2004.05.29"]
[Round "1"]
[White "Mossong, Hubert"]
[Black "Ardagoña, Iñigo"]
[Result "0-1"]
[WhiteElo "2179"]
[BlackElo "2346"]
[PlyCount "68"]
[EventDate "2004.05.??"]

1. e4 d6 2. g3 d5 3. d4 dxe4 4. Nc3 Nf6 5. Bg2 Bf5 6. h3 h6 7. Nge2 Nc6 8. a3
e5 9. dxe5 Qxd1+ 10. Nxd1 Nxe5 11. Nd4 Bd7 12. Bf4 Bd6 13. Nc3 Nc6 14. Be3 Be5
15. O-O-O O-O-O 16. Nxe4 Nxd4 17. Bxd4 Bxd4 18. Rxd4 Bc6 19. Rhd1 Rxd4 20. Rxd4
Rd8 21. Rxd8+ Kxd8 22. Nxf6 Bxg2 23. Nh5 g5 24. h4 Ke7 25. hxg5 hxg5 26. f4 Bf3
27. Ng7 Bg4 28. f5 Kf6 29. Ne8+ Kxf5 30. Nxc7 Ke4 31. Nb5 Kf3 32. Nd6 Be6 33.
Nxb7 Kxg3 34. Nc5 Kh2 0-1

[Event "Quadrangular Andbanc"]
[Site "Andorra la Vella"]
[Date "2004.05.29"]
[Round "1"]
[White "Muñoz, Ivan"]
[Black "Daubenfeld, Gilles"]
[Result "1-0"]
[WhiteElo "2251"]
[BlackElo "2151"]
[PlyCount "61"]
[EventDate "2004.05.??"]

1. e4 c5 2. Nc3 Nc6 3. g3 g6 4. Bg2 Bg7 5. d3 d6 6. Be3 e6 7. Nf3 Rb8 8. Qd2 b6
9. O-O Nge7 10. d4 O-O 11. Rad1 Ba6 12. Rfe1 e5 13. dxe5 dxe5 14. Nd5 Nd4 15.
Nh4 Nxd5 16. exd5 f5 17. Bh6 Qf6 18. Bxg7 Kxg7 19. c3 Nb5 20. Nf3 e4 21. Ng5
Nc7 22. Qf4 Rbc8 23. f3 h6 24. Ne6+ Nxe6 25. dxe6 Qxe6 26. Rd6 Qxa2 27. Qe5+
Kh7 28. fxe4 Qf7 29. exf5 g5 30. Bd5 Rce8 31. Bxf7 1-0

[Event "Quadrangular Andbanc"]
[Site "Andorra la Vella"]
[Date "2004.05.29"]
[Round "1"]
[White "Jeitz, Christian"]
[Black "Fernandez, Gerardo"]
[Result "0-1"]
[WhiteElo "2140"]
[BlackElo "2228"]
[PlyCount "100"]
[EventDate "2004.05.??"]

1. e4 e6 2. d4 d5 3. Nc3 Bb4 4. e5 Ne7 5. a3 Bxc3+ 6. bxc3 b6 7. Nf3 Qd7 8. a4
Ba6 9. Bxa6 Nxa6 10. Qd3 Nb8 11. O-O Nbc6 12. c4 Na5 13. Nd2 O-O 14. Ba3 Rfd8
15. Rfd1 Ng6 16. g3 c5 17. cxd5 Qxd5 18. dxc5 Qxe5 19. Qe4 bxc5 20. Qxe5 Nxe5
21. Kg2 Rd5 22. Ne4 c4 23. Nc3 Rxd1 24. Rxd1 Nac6 25. Bc5 a5 26. f4 Ng4 27. Ne4
Nb4 28. h3 Nf6 29. Nd6 c3 30. Nb5 Nfd5 31. Rc1 Rc8 32. Bd4 Rc4 33. Kf3 h6 34.
Be5 Nc6 35. Rb1 Nxe5+ 36. fxe5 Rxa4 37. Nd6 Rb4 38. Ra1 a4 39. h4 Kf8 40. Ra3
Rb2 41. Rxa4 Rxc2 42. Ra8+ Ke7 43. Ra7+ Kd8 44. Nxf7+ Kc8 45. Nd6+ Kb8 46. Rxg7
Rd2 47. Rg8+ Ka7 48. Nb5+ Kb7 49. Nd6+ Kc6 50. Rc8+ Kd7 0-1

[Event "Quadrangular Andbanc"]
[Site "Andorra la Vella"]
[Date "2004.05.29"]
[Round "2"]
[White "De la Riva Aguado, Oscar"]
[Black "Gallego Eraso, Francisco"]
[Result "1/2-1/2"]
[WhiteElo "2556"]
[BlackElo "2377"]
[PlyCount "55"]
[EventDate "2004.05.??"]

1. e4 e6 2. d4 d5 3. Nc3 Bb4 4. exd5 exd5 5. Bd3 Ne7 6. Qh5 c6 7. Nge2 Nd7 8.
Bg5 Nf8 9. O-O h6 10. Bh4 Qd7 11. a3 Bd6 12. Bg3 Nh7 13. Bxh7 Rxh7 14. Rae1 Kf8
15. Nc1 Nf5 16. N3e2 Qd8 17. Bxd6+ Nxd6 18. Ng3 g6 19. Qe2 h5 20. Nd3 h4 21.
Nh1 Bf5 22. f3 Qg5 23. Nhf2 Re8 24. Qd1 f6 25. Rxe8+ Kxe8 26. Re1+ Re7 27.
Rxe7+ Kxe7 28. Qe1+ 1/2-1/2

[Event "Quadrangular Andbanc"]
[Site "Andorra la Vella"]
[Date "2004.05.29"]
[Round "2"]
[White "Gonzalez de la Torre, Santiago"]
[Black "Oms, Josep"]
[Result "1-0"]
[WhiteElo "2351"]
[BlackElo "2503"]
[PlyCount "89"]
[EventDate "2004.05.??"]

1. e4 c5 2. Nf3 Nc6 3. Nc3 d6 4. d4 cxd4 5. Nxd4 Nf6 6. g3 e6 7. Bg2 Bd7 8. O-O
Be7 9. Nde2 O-O 10. b3 Ne5 11. a4 a6 12. h3 Qc7 13. Kh1 Rac8 14. f4 Ng6 15. a5
Rfe8 16. Be3 Bc6 17. Qe1 Nd7 18. Qf2 Bf6 19. Ra2 h6 20. Rd1 Ne7 21. Qe1 Red8
22. Nb1 e5 23. f5 Bg5 24. Bg1 h5 25. c4 b5 26. axb6 Qb7 27. Nec3 Nxb6 28. h4
Bh6 29. Qe2 Nd7 30. Rxd6 Nf6 31. c5 Ng4 32. Nd2 Rxd6 33. cxd6 Nxf5 34. exf5
Bxg2+ 35. Qxg2 Qxg2+ 36. Kxg2 Rxc3 37. Ne4 Rd3 38. Rxa6 Be3 39. b4 Rd1 40. Bxe3
Nxe3+ 41. Kf2 Nxf5 42. b5 f6 43. b6 Nxd6 44. Nxd6 Rxd6 45. Ra8+ 1-0

[Event "Quadrangular Andbanc"]
[Site "Andorra la Vella"]
[Date "2004.05.29"]
[Round "2"]
[White "Simonet, Marc"]
[Black "Ardagoña, Iñigo"]
[Result "1-0"]
[WhiteElo "2297"]
[BlackElo "2346"]
[PlyCount "79"]
[EventDate "2004.05.??"]

1. d4 d5 2. c4 dxc4 3. Nf3 Nf6 4. e3 a6 5. Bxc4 e6 6. O-O c5 7. Bb3 Nc6 8. Nc3
b5 9. Qe2 cxd4 10. Rd1 d3 11. Rxd3 Qc7 12. e4 Ng4 13. h3 Nge5 14. Nxe5 Qxe5 15.
Be3 Be7 16. f4 Qb8 17. e5 O-O 18. Bf2 Na5 19. Bc2 f5 20. exf6 Rxf6 21. Bh4 Qa7+
22. Kh1 Rf7 23. Bxe7 Qxe7 24. Rad1 Bb7 25. Rd7 Qe8 26. Rxf7 Qxf7 27. Ne4 Qxf4
28. Nc5 Bd5 29. Nxe6 Qc4 30. Bxh7+ Kxh7 31. Qh5+ Kg8 32. Rxd5 Qf1+ 33. Kh2 Qf7
34. Qg4 Re8 35. Nf4 Nc4 36. Rh5 Re4 37. g3 Nd2 38. Rd5 Nf1+ 39. Kg1 Qe7 40.
Qc8+ 1-0

[Event "Quadrangular Andbanc"]
[Site "Andorra la Vella"]
[Date "2004.05.29"]
[Round "2"]
[White "Garcia, Raul"]
[Black "Fernandez, Gerardo"]
[Result "1/2-1/2"]
[WhiteElo "2244"]
[BlackElo "2228"]
[PlyCount "97"]
[EventDate "2004.05.??"]

1. d4 Nf6 2. Nf3 d6 3. g3 g6 4. Bg2 Bg7 5. O-O O-O 6. a4 c5 7. dxc5 dxc5 8. c3
Nc6 9. Be3 Qa5 10. Nbd2 Rd8 11. Qb3 Ng4 12. Ng5 Nce5 13. Nc4 Qc7 14. Bf4 e6 15.
h3 Nh6 16. Kh1 Qe7 17. Nxe5 Bxe5 18. Bxe5 Qxg5 19. Bf4 Qh5 20. Kg1 Kg7 21. Rad1
Rxd1 22. Qxd1 Ng8 23. g4 Qh4 24. Qd6 Qe7 25. Rd1 f6 26. Qxe7+ Nxe7 27. Bd6 Nd5
28. c4 Nb6 29. b3 Nd7 30. Bg3 Nf8 31. a5 a6 32. Rd6 Kf7 33. Rd2 e5 34. g5 Be6
35. gxf6 Kxf6 36. f4 e4 37. Bxe4 Bxh3 38. Rd3 Bf5 39. Bh4+ Kg7 40. Bxf5 gxf5
41. Rd5 Kg6 42. Rxc5 Ne6 43. Re5 Nxf4 44. Re7 Rg8 45. Kf1 Rg7 46. Re5 Rd7 47.
Bg3 Nh5 48. Be1 Nf6 49. Kg2 1/2-1/2

[Event "Quadrangular Andbanc"]
[Site "Andorra la Vella"]
[Date "2004.05.30"]
[Round "2"]
[White "Olaizola, Luis"]
[Black "Monell, David"]
[Result "0-1"]
[WhiteElo "2212"]
[BlackElo "2233"]
[PlyCount "126"]
[EventDate "2004.05.??"]

1. d4 d5 2. c4 c6 3. Nf3 Nf6 4. Nc3 dxc4 5. a4 Bf5 6. e3 e6 7. Bxc4 Bb4 8. O-O
Nbd7 9. Qb3 a5 10. Rd1 Qc7 11. h3 O-O 12. Nh4 Bg6 13. Nxg6 hxg6 14. f4 Nb6 15.
Be2 Nbd5 16. Bf3 Rad8 17. Bd2 Qb6 18. Rdc1 Nxf4 19. Na2 N4d5 20. Nxb4 Nxb4 21.
Bxb4 Nd5 22. Bxd5 exd5 23. Ra3 axb4 24. a5 Qc7 25. Qxb4 Rfe8 26. a6 bxa6 27.
Rxa6 Rxe3 28. Raxc6 Qg3 29. Qd2 Rde8 30. Rc8 Rxc8 31. Rxc8+ Kh7 32. Rc1 Rd3 33.
Qf2 Qg5 34. Rc2 f5 35. Re2 Rxh3 36. Rd2 Rg3 37. Kf1 f4 38. b4 Qg4 39. Qg1 Rb3
40. Qh2+ Kg8 41. Kf2 g5 42. Ra2 Kf7 43. Ra7+ Ke6 44. Ra6+ Kd7 45. Qh7 Qg3+ 46.
Kf1 Qd3+ 47. Qxd3 Rxd3 48. Ra7+ Ke6 49. Rxg7 Kf5 50. Rf7+ Ke4 51. Rg7 Ke3 52.
Kg1 Rd1+ 53. Kh2 Rxd4 54. Rxg5 Ke4 55. g3 Rd2+ 56. Kg1 f3 57. Rg8 d4 58. b5 Rb2
59. Re8+ Kf5 60. b6 d3 61. b7 Rxb7 62. Kf2 Rd7 63. Rf8+ Kg5 0-1

[Event "Quadrangular Andbanc"]
[Site "Andorra la Vella"]
[Date "2004.05.29"]
[Round "2"]
[White "Daubenfeld, Gilles"]
[Black "Granados, Manuel"]
[Result "0-1"]
[WhiteElo "2151"]
[BlackElo "2396"]
[PlyCount "118"]
[EventDate "2004.05.??"]

1. d4 Nf6 2. Nf3 d5 3. Bf4 c5 4. c3 Qb6 5. Qb3 c4 6. Qxb6 axb6 7. Nbd2 Nc6 8.
e4 e6 9. e5 Nd7 10. Be2 b5 11. O-O b4 12. cxb4 Bxb4 13. a3 Ba5 14. Nb1 b5 15.
Nc3 Bxc3 16. bxc3 Nb6 17. Rfb1 Ra5 18. Ne1 Bd7 19. Nc2 h6 20. Bd2 O-O 21. f4
Rfa8 22. g4 R5a6 23. Rf1 Ne7 24. Rf3 b4 25. Nxb4 Rxa3 26. Rxa3 Rxa3 27. Rf1 Na4
28. Rc1 Nc8 29. Rc2 Ra1+ 30. Kf2 Ncb6 31. Ra2 Rh1 32. Bf3 Rb1 33. Be2 Kf8 34.
Bf3 Ke7 35. g5 hxg5 36. fxg5 g6 37. Rc2 Na8 38. Ra2 Nc7 39. h4 Ne8 40. Bg4 Bb5
41. Be1 Ng7 42. Ke2 Rb3 43. Rc2 Ne8 44. Kf2 Rb1 45. Ra2 Nc7 46. h5 gxh5 47.
Bxh5 Ne8 48. g6 Ng7 49. Bg4 fxg6 50. Bd2 Kf7 51. Be1 g5 52. Re2 Nb2 53. Bd2
Nd3+ 54. Nxd3 cxd3 55. Re1 Rb2 56. Rd1 Ba4 57. Ra1 Rxd2+ 58. Ke3 Rg2 59. Kf3
Rxg4 0-1

[Event "Quadrangular Andbanc"]
[Site "Andorra la Vella"]
[Date "2004.05.30"]
[Round "2"]
[White "Fluvia Poyatos, Jordi"]
[Black "Jeitz, Christian"]
[Result "1-0"]
[WhiteElo "2326"]
[BlackElo "2140"]
[PlyCount "147"]
[EventDate "2004.05.??"]

1. e4 c5 2. Nf3 e6 3. d4 cxd4 4. Nxd4 Nf6 5. Nc3 Nc6 6. Ndb5 Bb4 7. a3 Bxc3+ 8.
Nxc3 d5 9. exd5 exd5 10. Bd3 O-O 11. O-O d4 12. Ne2 Qd5 13. Nf4 Qd6 14. Nh5
Nxh5 15. Qxh5 h6 16. Re1 Bd7 17. Qh4 f5 18. Bf4 Qf6 19. Qxf6 Rxf6 20. Rad1 Rd8
21. Be5 Nxe5 22. Rxe5 Be6 23. Kf1 Kf8 24. Rde1 Rd6 25. f4 g6 26. Ra5 a6 27. Kf2
Rc6 28. Ra4 Rd6 29. Rb4 Bc8 30. Rd1 Rd8 31. Rc4 Rfd6 32. Re1 Kf7 33. Re5 Be6
34. Rcc5 R8d7 35. h4 h5 36. Ke2 Rd8 37. Kd2 R8d7 38. Be2 b5 39. Bf3 Ke7 40. Rc8
Rd8 41. Rc7+ R8d7 42. Rec5 Rxc7 43. Rxc7+ Bd7 44. Ra7 Kd8 45. Kd3 Bc6 46. Bxc6
Rxc6 47. g3 Rd6 48. Rb7 Kc8 49. Re7 Kd8 50. Re5 Kd7 51. Rc5 Ke7 52. b3 Kf7 53.
Rc7+ Kf6 54. Ra7 Ke6 55. a4 bxa4 56. bxa4 Rb6 57. a5 Rd6 58. Rc7 Kd5 59. Rc4
Re6 60. Rxd4+ Kc5 61. Rd8 Re1 62. Rg8 Rd1+ 63. Kc3 Rd6 64. Re8 Rc6 65. Re5+
Kd6+ 66. Kd3 Rc7 67. c4 Rb7 68. c5+ Kd7 69. Kc4 Rb1 70. Rd5+ Kc7 71. Rd6 Ra1
72. Rxa6 Ra3 73. Rxg6 Rxa5 74. Kd5 1-0

[Event "Quadrangular Andbanc"]
[Site "Andorra la Vella"]
[Date "2004.05.29"]
[Round "2"]
[White "Schartz, Alain"]
[Black "Alsina, Daniel"]
[Result "1/2-1/2"]
[WhiteElo "2120"]
[BlackElo "2242"]
[PlyCount "122"]
[EventDate "2004.05.??"]

1. e4 c5 2. Nf3 Nc6 3. c3 d5 4. exd5 Qxd5 5. d4 Nf6 6. dxc5 Qxd1+ 7. Kxd1 Bg4
8. b4 g6 9. Bb5 Bg7 10. Bxc6+ bxc6 11. Kc2 Nd5 12. a3 O-O 13. Nd4 Bxd4 14. cxd4
a5 15. Bh6 Rfd8 16. Nc3 Nc7 17. Be3 Bf5+ 18. Kb3 Ne6 19. Kc4 Nxd4 20. Bxd4 e5
21. Ne2 Be6+ 22. Kc3 exd4+ 23. Nxd4 Bd5 24. f3 Re8 25. Rhe1 Rxe1 26. Rxe1 axb4+
27. Kxb4 Rb8+ 28. Kc3 Ra8 29. Kb4 Rb8+ 30. Ka5 Kf8 31. a4 Rb2 32. Ka6 Rb4 33.
Rd1 Rxa4+ 34. Kb6 Rb4+ 35. Kc7 Rb2 36. Nxc6 Bc4 37. Ne5 Be6 38. Nd7+ Ke7 39.
Nb8 Rxg2 40. Nc6+ Kf6 41. h4 Rc2 42. Kd6 Rc4 43. Nd4 Bc8 44. c6 h6 45. Kc7 Bh3
46. Kb6 Ke5 47. Nb5 g5 48. hxg5 hxg5 49. c7 Be6 50. Nd6 Rc2 51. Nb5 Bd5 52.
Re1+ Kf6 53. Re3 Rc6+ 54. Ka5 Be6 55. Rd3 Ke5 56. Rd8 f5 57. Re8 g4 58. fxg4
fxg4 59. Rxe6+ Kxe6 60. Nd4+ Kd7 61. Nxc6 Kxc7 1/2-1/2

[Event "Quadrangular Andbanc"]
[Site "Andorra la Vella"]
[Date "2004.05.30"]
[Round "3"]
[White "Brittner, Serge"]
[Black "De la Riva Aguado, Oscar"]
[Result "0-1"]
[WhiteElo "2258"]
[BlackElo "2556"]
[PlyCount "84"]
[EventDate "2004.05.??"]

1. d4 f5 2. Nf3 Nf6 3. g3 g6 4. Bg2 Bg7 5. O-O O-O 6. c4 d6 7. Nc3 Qe8 8. d5
Na6 9. Rb1 Bd7 10. Nd4 c6 11. dxc6 bxc6 12. b4 Rc8 13. Nc2 Be6 14. Ne3 f4 15.
gxf4 Nh5 16. Ne4 Nxf4 17. Ng5 Bd7 18. Bb2 h6 19. Bxg7 Kxg7 20. Ne4 c5 21. b5
Nc7 22. Nc3 Nh3+ 23. Bxh3 Bxh3 24. Ng2 Qf7 25. Qd3 Be6 26. Ne3 g5 27. f3 Bh3
28. Rf2 Ne6 29. Ncd5 Nf4 30. Nxf4 gxf4 31. Nd5 Kh8 32. e3 fxe3 33. Nxe3 Rg8+
34. Kh1 Rg7 35. Re1 Rcg8 36. Qc3 e5 37. Qd2 Rg6 38. Ng4 Qxc4 39. Qc1 Qe6 40.
Ne3 Qf6 41. f4 Qh4 42. Qd2 exf4 0-1

[Event "Quadrangular Andbanc"]
[Site "Andorra la Vella"]
[Date "2004.05.30"]
[Round "3"]
[White "Mossong, Hubert"]
[Black "Simonet, Marc"]
[Result "0-1"]
[WhiteElo "2179"]
[BlackElo "2297"]
[PlyCount "78"]
[EventDate "2004.05.??"]

1. e4 c5 2. Nc3 Nc6 3. Bb5 Nd4 4. Bc4 e6 5. Nf3 Nf6 6. d3 a6 7. e5 d5 8. exf6
dxc4 9. Bg5 gxf6 10. Bh4 Bd7 11. Nxd4 cxd4 12. Ne4 Be7 13. O-O Bc6 14. Qh5 h6
15. Rfe1 f5 16. Nc5 Qd5 17. f3 Bxc5 18. Bf6 Rg8 19. Re5 Qd6 20. Rae1 Bd5 21.
Rxf5 Kd7 22. Be5 exf5 23. Bxd6 Bxd6 24. Qxf5+ Kc6 25. dxc4 Bxc4 26. c3 Rae8 27.
Re4 Rg5 28. Qh7 Rxe4 29. Qxe4+ Bd5 30. Qd3 dxc3 31. Qxc3+ Kd7 32. b3 Re5 33.
Kf2 h5 34. g3 b6 35. f4 Bc5+ 36. Kf1 Re3 37. Qd2 Kc6 38. Qc2 Be6 39. Qg2+ Kc7
0-1

[Event "Quadrangular Andbanc"]
[Site "Andorra la Vella"]
[Date "2004.05.30"]
[Round "3"]
[White "Garcia, Raul"]
[Black "Daubenfeld, Gilles"]
[Result "0-1"]
[WhiteElo "2244"]
[BlackElo "2151"]
[PlyCount "74"]
[EventDate "2004.05.??"]

1. d4 Nf6 2. Nf3 g6 3. g3 Bg7 4. Bg2 d5 5. O-O O-O 6. Nbd2 Na6 7. Nb3 b6 8. Ne5
Bb7 9. c4 Rc8 10. Bf4 c5 11. dxc5 Nxc5 12. Nxc5 Rxc5 13. Rc1 Qa8 14. cxd5 Bxd5
15. Bxd5 Rxd5 16. Qb3 g5 17. Nc6 gxf4 18. Nxe7+ Kh8 19. Nxd5 Nxd5 20. Rfd1 Nf6
21. Rc7 Qe8 22. Qc2 Qe6 23. Rxa7 fxg3 24. hxg3 Ng4 25. Ra4 f5 26. Qd2 b5 27.
Ra3 Qb6 28. Rf3 Qg6 29. Kg2 Ne5 30. Rb3 f4 31. Qd5 Bf6 32. Qxb5 Qe4+ 33. f3 Qg6
34. g4 Rg8 35. Kf1 Qh6 36. Qb6 Qh3+ 37. Kg1 Nxg4 0-1

[Event "Quadrangular Andbanc"]
[Site "Andorra la Vella"]
[Date "2004.05.30"]
[Round "3"]
[White "Ribera, Josep"]
[Black "Schartz, Alain"]
[Result "1/2-1/2"]
[WhiteElo "2140"]
[BlackElo "2120"]
[PlyCount "77"]
[EventDate "2004.05.??"]

1. d4 d5 2. c4 e6 3. Nf3 Nf6 4. Nc3 c6 5. g3 Bd6 6. Bg2 Nbd7 7. O-O O-O 8. Nd2
Re8 9. e4 dxe4 10. Ndxe4 Nxe4 11. Nxe4 Be7 12. Bf4 Nf6 13. Nc3 Bd6 14. Be3 Bd7
15. f4 Qc7 16. c5 Bf8 17. Bf2 Nd5 18. Ne4 Red8 19. Qc2 Be8 20. Qc4 f6 21. Rfe1
Bf7 22. Qa4 Re8 23. Bf3 h6 24. Re2 g5 25. fxg5 hxg5 26. Rae1 Be7 27. Nc3 Kg7
28. Nxd5 exd5 29. Bg4 Bf8 30. Rxe8 Bxe8 31. Bf5 Bg6 32. Bxg6 Kxg6 33. Qc2+ Kg7
34. Qe2 Qd7 35. g4 Kf7 36. h4 Re8 37. Qxe8+ Qxe8 38. Rxe8 Kxe8 39. hxg5 1/2-1/2

[Event "Quadrangular Andbanc"]
[Site "Andorra la Vella"]
[Date "2004.05.30"]
[Round "3"]
[White "Gallego Eraso, Francisco"]
[Black "Romero Holmes, Alfonso"]
[Result "1/2-1/2"]
[WhiteElo "2377"]
[BlackElo "2531"]
[PlyCount "45"]
[EventDate "2004.05.??"]

1. d4 Nf6 2. c4 g6 3. Nc3 Bg7 4. e4 d6 5. f3 O-O 6. Be3 c5 7. d5 e6 8. Nge2
exd5 9. cxd5 Nbd7 10. Ng3 h5 11. Bg5 a6 12. a4 Qb6 13. Qc1 Nh7 14. a5 Qa7 15.
Bh6 h4 16. Bxg7 Kxg7 17. Be2 hxg3 18. hxg3 g5 19. Rxh7+ Kxh7 20. Qxg5 Rg8 21.
Qh5+ Kg7 22. Qg5+ Kf8 23. Qd8+ 1/2-1/2

[Event "Quadrangular Andbanc"]
[Site "Andorra la Vella"]
[Date "2004.05.30"]
[Round "3"]
[White "Granados, Manuel"]
[Black "Muñoz, Ivan"]
[Result "0-1"]
[WhiteElo "2396"]
[BlackElo "2251"]
[PlyCount "84"]
[EventDate "2004.05.??"]

1. c4 Nf6 2. Nc3 g6 3. e4 d6 4. d4 Bg7 5. Nge2 O-O 6. Ng3 c5 7. d5 e6 8. Be2
exd5 9. cxd5 Nbd7 10. O-O Re8 11. f4 a6 12. a4 b6 13. Bf3 Rb8 14. Kh1 b5 15.
axb5 axb5 16. e5 dxe5 17. f5 Qb6 18. Be3 e4 19. Be2 b4 20. Nb5 Ba6 21. Rxa6
Qxa6 22. Nc7 Qd6 23. Nxe8 Rxe8 24. Bc4 Nb6 25. Bb5 Rc8 26. fxg6 hxg6 27. Bg5
Qxd5 28. Bxf6 Qxd1 29. Rxd1 Bxf6 30. Rd6 Bd8 31. Nxe4 c4 32. g3 Kf8 33. Rd2 Be7
34. Rc2 f5 35. Nf2 Bf6 36. h4 b3 37. Re2 Rc5 38. Ba6 Ra5 39. Re6 Bd4 40. Nh3
Rxa6 41. Rxg6 Bxb2 42. h5 Be5 0-1

[Event "Quadrangular Andbanc"]
[Site "Andorra la Vella"]
[Date "2004.05.30"]
[Round "3"]
[White "Fernandez, Gerardo"]
[Black "Fluvia Poyatos, Jordi"]
[Result "0-1"]
[WhiteElo "2228"]
[BlackElo "2326"]
[PlyCount "50"]
[EventDate "2004.05.??"]

1. e4 c5 2. d3 Nc6 3. g3 g6 4. Bg2 Bg7 5. f4 e6 6. Nf3 Nge7 7. O-O O-O 8. c3 d5
9. e5 b6 10. Be3 Bb7 11. Na3 d4 12. cxd4 Nf5 13. Bf2 Ncxd4 14. Ng5 Bxg2 15.
Kxg2 f6 16. exf6 Bxf6 17. Ne4 e5 18. Nxf6+ Qxf6 19. fxe5 Qc6+ 20. Kh3 Nf3 21.
Bxc5 Ng5+ 22. Kg4 Qxc5 23. Kxg5 h6+ 24. Kxg6 Qc6+ 25. Kh5 Qe8+ 0-1

[Event "Quadrangular Andbanc"]
[Site "Andorra la Vella"]
[Date "2004.05.30"]
[Round "3"]
[White "Alsina, Daniel"]
[Black "Olaizola, Luis"]
[Result "1-0"]
[WhiteElo "2242"]
[BlackElo "2212"]
[PlyCount "111"]
[EventDate "2004.05.??"]

1. e4 e6 2. d4 d5 3. Nc3 Nf6 4. Bg5 Be7 5. e5 Ne4 6. Nxe4 Bxg5 7. Nxg5 Qxg5 8.
Nf3 Qe7 9. Qd2 c5 10. dxc5 Qxc5 11. Bd3 Nc6 12. O-O O-O 13. Qg5 h6 14. Qg3 Nb4
15. Qh4 Bd7 16. Qd4 Rac8 17. Qxc5 Rxc5 18. Nd4 Rfc8 19. f4 a6 20. a3 Nxd3 21.
cxd3 Bb5 22. Rfd1 Ba4 23. b3 Bd7 24. Kf2 g5 25. g3 Kg7 26. Ke3 Kg6 27. Rf1 Rc3
28. fxg5 hxg5 29. Rf6+ Kg7 30. Raf1 Be8 31. Kd2 R8c7 32. h4 Bb5 33. Rxf7+ Rxf7
34. Rxf7+ Kxf7 35. Kxc3 gxh4 36. gxh4 Bd7 37. Nf3 Kg6 38. Kd4 b6 39. Ke3 Kf5
40. h5 a5 41. Kf2 Bc8 42. Kg3 Ba6 43. d4 Bd3 44. h6 Kg6 45. h7 Kxh7 46. Ng5+
Kg6 47. Nxe6 Bc2 48. Nf4+ Kf5 49. Nxd5 Bxb3 50. Nc3 Bc4 51. Kf3 b5 52. Ke3 b4
53. axb4 axb4 54. Na4 b3 55. Kd2 Ke4 56. Kc3 1-0